Lettres philosophiques ou lettes anglaises avec le texte complet des remarques sur les pensées de Pascal

Uloženo v:
Podrobná bibliografie
Hlavní autor: Voltaire, Francois (Autor)
Médium: Kniha
Jazyk:francouzština
Vydáno: París Garnier Fréres 1964
Edice:Classiques Garnier
Témata:
Tagy: Přidat tag
Žádné tagy, Buďte první, kdo vytvoří štítek k tomuto záznamu!

MARC

LEADER 00000nam a2200000 a 4500
001 UCZ3800
003 CL-VaPUC
008 951027e19640000FR |||||||||||||||||fre|d
082 0 4 |a 194  |b VOL  |2 21 
100 0 |a Voltaire, Francois  |e author  |9 345685 
245 1 0 |a Lettres philosophiques ou lettes anglaises avec le texte complet des remarques sur les pensées de Pascal 
300 |a 304 p 
942 |c BK 
945 |d 19951027 00:00:00  |a cmena 
260 |a París  |b Garnier Fréres  |c 1964 
650 0 |a Filosofía francesa   |9 255698 
650 0 |a Correspondencia  |9 258963 
650 0 |a Ilustración   |9 313124 
650 0 |a Filosofía cristiana   |9 265980 
583 |a last modification  |c 19951027 00:00:00  |k Rodrigo Vera 
490 0 |a Classiques Garnier 
999 |c 240247  |d 240245 
952 |0 0  |1 0  |4 0  |6 194_000000000000000_VOL_1964  |7 0  |8 P  |9 251989  |a BIBEDU  |b BIBEDU  |c BIBEDU_PB  |d 2019-11-18  |i 1589830  |o 194 VOL 1964  |p 1589830  |r 2024-01-25  |w 2019-11-18  |y BK  |k FIL